000 00199nam a22000857a 4500
008 170619b xxu||||| |||| 00| 0 eng d
100 _93515
_aRobert. M
245 _aTime of wonder
260 _aU. S. A
_c1957
999 _c6899
_d6899